The American party battle (Record no. 59810)
[ view plain ]
| 000 -LEADER | |
|---|---|
| fixed length control field | 01429nam a2200337Ia 4500 |
| 245 04 - TITLE STATEMENT | |
| Title | The American party battle |
| 260 ## - PUBLICATION, DISTRIBUTION, ETC. (IMPRINT) | |
| Place of publication | Cambridge, Mass. : |
| Name of publisher | Harvard University Press, |
| Year of publication | 1999. |
| 300 ## - PHYSICAL DESCRIPTION | |
| Number of Pages | xxiv, 272 p. : |
| Other physical details | ill. |
| 490 1# - SERIES STATEMENT | |
| Series statement | The John Harvard library |
| 650 #0 - SUBJECT ADDED ENTRY--TOPICAL TERM | |
| Topical Term | Political parties |
| Topical Term | Campaign literature |
| 700 1# - ADDED ENTRY--PERSONAL NAME | |
| Personal name | Silbey, Joel H. |
| 856 40 - ELECTRONIC LOCATION AND ACCESS | |
| Uniform Resource Identifier | http://site.ebrary.com/lib/rucke/Doc?id=10318492 |
No items available.
